000 01012nam a2200301 c 4500
999 _c344461
_d344461
003 BLK
005 20191002105527.0
008 180911b bul|||||r ||||||| ||bul||
010 _a004126
040 _aBLK
041 _aFRE
_cBUL
080 _z398.3(47)
100 1 _aBOGATYREV, Peter
_eпърви автор
_9397978
245 0 0 _aActes magiques rites et croyances en Russie subcarpathique
260 _aParis
_bHonore Champion
_c1929
300 _aXI, 164 с
_c25 см
380 _a5
490 _aTrav. publ. par l'Institut d'etudes slaves
490 _aЧастна колекция - Академик Михаил Арнаудов
_gДарение - Основен фонд
500 _aМихаил Арнаудов: негови-книга. - Подчертавания в текста на въведението.
520 _a
650 _aФолклор
_9175904
650 _aОбреди
_9397979
655 _aЕтнология
_9396841
700 1 _aPierre Bogatyrev
_9397980
852 _aМА 1257
942 _cKNG
_n0
_s1
944 _aCR
_c1996
_kValK
999 _d344461